Statistiques concernant Puzzle de nom de pays divisé #2

Cliquez ici pour prendre le quiz!

Statistiques générales

  • Ce quiz a été pris 635 fois
  • Le résultat moyen est 16 sur 20

Statistiques - réponses

Country Name% Correct
ALBANIEAlbanie
99%
KAZAKHSTANKazakhstan
98%
SLOVAQUIESlovaquie
97%
ARGENTINEArgentine
96%
DOMINIQUEDominique
93%
KIRGHIZISTANKirghizistan
93%
BIELORUSSIEBiélorussie
90%
MONGOLIEMongolie
88%
GEORGIEGéorgie
87%
SIERRALEONESierra Leone
87%
TURQUIETurquie
85%
BULGARIEBulgarie
84%
FINLANDEFinlande
82%
HONDURASHonduras
76%
BOLIVIEBolivie
75%
COREEDUSUDCorée du Sud
66%
GAMBIEGambie
65%
MEXIQUEMexique
65%
PAYSBASPays-Bas
56%
ILEMAURICEÎle Maurice
46%

Distribution des résultats

Percentile par nombre de réponses

% des personnes avec chaque résultat

Votre développement - résultats

Vous n’avez pas pris ce quiz